000 00557nam a22001937a 4500
005 20251108164114.0
008 250721s2001 xx 000 0 ara d
082 1 4 _a641.6/سلس
245 1 0 _aسلسلة الطبخ :
_bالصحن اليومي /
264 1 _aبيروت :
_bاديتوكربيس انترناشيول،
_c2001.
300 _a11ج
650 1 7 _aالطبخ
650 1 7 _aالسلطات ( الأغذية )
650 1 7 _aاللحوم
650 1 7 _aالأسماك (غذاء )
650 1 7 _aالبيض
942 _2ddc
_cREF
999 _c3736
_d3736